[Event "SVR-ch MAT"]
[Site "Heimbach Weis"]
[Date "2017.04.14"]
[Round "8"]
[White "Mallmann, Bernd"]
[Black "Warkentin, Peter"]
[Result "0-1"]
[WhiteElo "1912"]
[BlackElo "1810"]
[PlyCount "58"]
[EventDate "2017.04.07"]
[EventType "tourn"]
[EventRounds "9"]
[EventCountry "GER"]
[SourceTitle "EXT 2020"]
[Source "ChessBase"]
[SourceDate "2019.10.17"]
[SourceVersion "1"]
[SourceVersionDate "2019.10.17"]
[SourceQuality "1"]

1. b3 d5 2. e3 Qd6 3. Bb2 Nf6 4. Nf3 g6 5. d3 Bg7 6. Nbd2 0-0 7. g3 c6 8. Bg2 Re8 9. 0-0 Nbd7 10. c4 e5 11. Rc1 b6 12. Qc2 Bb7 13. cxd5 Nxd5 14. Nc4 Qe7 15. d4 exd4 16. Nxd4 c5 17. Nb5 Nb4 18. Qd2 Bxb2 19. Nxb2 Bxg2 20. Kxg2 Red8 21. Nc4 Ne5 22. Qe2 Qb7+ 23. e4 Nxc4 24. bxc4 Rd7 25. Nc3 Rad8 26. Nd5 Nxd5 27. cxd5 Re8 28. g4 Rxd5 29. Rfd1 Rxd1 0-1

[Event "SVR-ch MAT"]
[Site "Heimbach Weis"]
[Date "2017.04.08"]
[Round "2"]
[White "Warkentin, Peter"]
[Black "Zirwes, Hans Juergen"]
[Result "0-1"]
[WhiteElo "1810"]
[BlackElo "1824"]
[PlyCount "82"]
[EventDate "2017.04.07"]
[EventType "tourn"]
[EventRounds "9"]
[EventCountry "GER"]
[SourceTitle "EXT 2020"]
[Source "ChessBase"]
[SourceDate "2019.10.17"]
[SourceVersion "1"]
[SourceVersionDate "2019.10.17"]
[SourceQuality "1"]

1. e4 c5 2. Nf3 Nc6 3. Bb5 e6 4. 0-0 Nge7 5. d4 cxd4 6. Nxd4 a6 7. Bxc6 bxc6 8. Nc3 d5 9. Bg5 f6 10. Bh4 e5 11. Nf3 Be6 12. exd5 cxd5 13. Qe2 Ng6 14. Bg3 Qb6 15. Na4 Qb5 16. Qxb5+ axb5 17. Nc3 b4 18. Nb5 Rc8 19. Rfc1 d4 20. a3 Bd7 21. a4 Be7 22. Ne1 0-0 23. c4 bxc3 24. bxc3 Bxb5 25. axb5 dxc3 26. Nc2 f5 27. f3 h5 28. Rd1 Rfd8 29. Bf2 Rd2 30. b6 Rxc2 31. b7 Rf8 32. Ra8 Rb2 33. Rc8 Rxb7 34. Rxc3 Rb2 35. Kf1 Ra8 36. Rdc1 Raa2 37. Bg1 Bg5 38. Rd1 Rxg2 39. Rd6 Nf4 40. Rd1 Rxg1+ 41. Kxg1 Ne2+ 0-1

[Event "SVR-ch MAT"]
[Site "Trier"]
[Date "2016.03.24"]
[Round "5"]
[White "Mallmann, Bernd"]
[Black "Warkentin, Peter"]
[Result "1-0"]
[WhiteElo "1928"]
[BlackElo "1884"]
[PlyCount "115"]
[EventDate "2016.03.19"]
[EventType "tourn"]
[EventRounds "7"]
[EventCountry "GER"]
[SourceTitle "CBM 171 Extra"]
[Source "ChessBase"]
[SourceDate "2016.04.26"]
[SourceVersion "1"]
[SourceVersionDate "2016.04.26"]
[SourceQuality "1"]

1. Nf3 d5 2. d4 c6 3. g3 Nf6 4. Nc3 Bf5 5. Bg2 e6 6. Nh4 Bg6 7. Bg5 Be7 8. Nxg6 hxg6 9. e3 Nbd7 10. a3 Rc8 11. b4 Nb6 12. Bf1 a6 13. Be2 Nbd7 14. Na4 Ne4 15. Bxe7 Qxe7 16. f3 Nxg3 17. Rg1 Nxe2 18. Qxe2 Qh4+ 19. Kd2 Qxh2 20. Rg2 Qc7 21. f4 Ke7 22. Rag1 Nf6 23. Nc5 Qb6 24. e4 dxe4 25. Rg5 Rcd8 26. c3 Qc7 27. Re5 Rd5 28. Rgg5 Nd7 29. Nxd7 Qxd7 30. Qxe4 Rxe5 31. Qxe5 f6 32. Qc5+ Kf7 33. Rg3 Rh5 34. Qa7 Qc7 35. Rf3 Rh4 36. Ke3 Rh1 37. Qa8 f5 38. c4 Qe7 39. Rg3 Rh5 40. Qb8 a5 41. c5 axb4 42. axb4 g5 43. fxg5 Kg6 44. Kd3 Rh4 45. Qe5 Re4 46. Qb8 Qd7 47. Qd6 Qxd6 48. cxd6 Rh4 49. Re3 Kf7 50. Kc4 Rh8 51. Kc5 Rd8 52. Re2 Rh8 53. Kb6 Rh4 54. Rd2 Ke8 55. Kc7 Rh8 56. g6 Rf8 57. Ra2 Rf7+ 58. gxf7+ 1-0

[Event "SVR-ch MAT"]
[Site "Trier"]
[Date "2016.03.19"]
[Round "1"]
[White "Haffner, Ernst Georg"]
[Black "Warkentin, Peter"]
[Result "1-0"]
[WhiteElo "1865"]
[BlackElo "1884"]
[PlyCount "139"]
[EventDate "2016.03.19"]
[EventType "tourn"]
[EventRounds "7"]
[EventCountry "GER"]
[SourceTitle "CBM 171 Extra"]
[Source "ChessBase"]
[SourceDate "2016.04.26"]
[SourceVersion "1"]
[SourceVersionDate "2016.04.26"]
[SourceQuality "1"]

1. d4 d5 2. c4 c6 3. Nc3 Nf6 4. e3 e6 5. Bd3 Nbd7 6. Nf3 Be7 7. 0-0 a6 8. c5 b6 9. cxb6 Qxb6 10. b3 c5 11. Na4 Qd8 12. Bb2 Bb7 13. Rc1 Rc8 14. Qe2 Rc6 15. dxc5 Nxc5 16. Nxc5 Bxc5 17. Ne5 Rc8 18. Bb5+ axb5 19. Qxb5+ Nd7 20. Qxb7 Nxe5 21. Bxe5 0-0 22. Qb5 Ba3 23. Rxc8 Qxc8 24. Qe2 Qc5 25. Bb2 Rc8 26. g3 Qa5 27. Rb1 Ra8 28. Qc2 h6 29. Bxa3 Qxa3 30. Rb2 Qa6 31. Qe2 Qa3 32. b4 Rb8 33. b5 Qc5 34. a4 Qc1+ 35. Kg2 Qc3 36. b6 d4 37. exd4 Qc6+ 38. Qf3 Qxa4 39. Qc3 Qa8+ 40. f3 Qb7 41. Qa5 Ra8 42. Qb5 Rb8 43. Rc2 Ra8 44. Qc5 Rb8 45. Rb2 Rc8 46. Qb4 Rb8 47. Kf2 Rc8 48. Ke3 Rb8 49. Rc2 Kh7 50. Rb2 Rc8 51. Qb3 Rc6 52. h4 g6 53. Kf2 Kg7 54. Qb4 Kh7 55. Ke3 Kg7 56. Rb3 Kh7 57. Qb5 Rd6 58. Qe5 Rd8 59. Qc7 Qxc7 60. bxc7 Rc8 61. Rc3 Kg7 62. Ke4 Kf6 63. d5 Ke7 64. dxe6 Kxe6 65. f4 f5+ 66. Kd4 Kd6 67. Rc2 Kd7 68. Ke5 Ke7 69. Rc3 Kf7 70. Kd6 1-0

[Event "SVR-ch MAT-I 37th"]
[Site "Heimbach Weis"]
[Date "2014.04.19"]
[Round "9"]
[White "Luetz, Jannik"]
[Black "Warkentin, Peter"]
[Result "1-0"]
[WhiteElo "1747"]
[BlackElo "1683"]
[PlyCount "95"]
[EventDate "2014.04.11"]
[EventType "tourn"]
[EventRounds "9"]
[EventCountry "GER"]
[SourceTitle "CBM 160 Extra"]
[Source "ChessBase"]
[SourceDate "2014.07.01"]
[SourceVersion "1"]
[SourceVersionDate "2014.07.01"]
[SourceQuality "1"]

1. e4 d5 2. exd5 Nf6 3. Nc3 Nxd5 4. Bc4 e6 5. Nf3 Nxc3 6. bxc3 b6 7. 0-0 Bb7 8. Re1 Nd7 9. Qe2 Be7 10. d3 0-0 11. Bf4 Nf6 12. Ne5 Nd5 13. Bd2 Bg5 14. Ng4 Bxd2 15. Qxd2 Qh4 16. Bxd5 Bxd5 17. Ne3 Bb7 18. Qe2 Qf6 19. d4 Rad8 20. Qc4 c6 21. a4 a6 22. Qb4 b5 23. Qc5 Rd7 24. Red1 Rfd8 25. Rd2 Qe7 26. Qxe7 Rxe7 27. a5 c5 28. Rad1 Red7 29. f3 f5 30. f4 Kf7 31. Kf2 Kf6 32. Ke2 c4 33. g3 h6 34. Rb1 g5 35. Rf1 Be4 36. Rdd1 g4 37. Rf2 h5 38. Rb1 h4 39. Ng2 Bxc2 40. Rb2 hxg3 41. hxg3 Bd3+ 42. Ke3 Rb8 43. Rb4 Rh7 44. Nh4 Be4 45. Rh2 Rbh8 46. Rbb2 Ke7 47. Ng6+ Kd6 48. Nxh8 1-0

[Event "SVR-ch MAT-I 35th"]
[Site "Nickenich"]
[Date "2012.03.30"]
[Round "1"]
[White "Warkentin, Peter"]
[Black "Zirwes, Hans Juergen"]
[Result "0-1"]
[WhiteElo "1784"]
[BlackElo "1849"]
[PlyCount "114"]
[EventDate "2012.03.30"]
[EventType "tourn"]
[EventRounds "9"]
[EventCountry "GER"]
[SourceTitle "EXT 2013"]
[Source "ChessBase"]
[SourceDate "2012.11.22"]
[SourceVersion "1"]
[SourceVersionDate "2012.11.22"]
[SourceQuality "1"]

1. e4 c5 2. Nf3 Nc6 3. Bb5 g6 4. c3 Bg7 5. d4 cxd4 6. cxd4 Qb6 7. Nc3 Nxd4 8. Nd5 Nxf3+ 9. gxf3 Qd8 10. Qc2 Kf8 11. Be3 Qa5+ 12. Nc3 Bxc3+ 13. Qxc3 Qxc3+ 14. bxc3 a6 15. Bc4 d6 16. Ke2 b5 17. Bd5 Rb8 18. Ba7 Rb7 19. Bxb7 Bxb7 20. Ke3 Nf6 21. a4 Bc6 22. axb5 Bxb5 23. Rhc1 d5 24. Bd4 dxe4 25. fxe4 e5 26. Bc5+ Kg7 27. f3 Rc8 28. Bb4 Nh5 29. Ra2 Nf4 30. Rd2 f6 31. Rcd1 Rc7 32. Rd8 Ne6 33. R8d6 Kf7 34. Ba5 Rc8 35. Rb6 f5 36. Rdd6 f4+ 37. Kf2 Nc5 38. Kg1 Kg7 39. Rd5 Na4 40. Rxe5 Nxb6 41. Bxb6 Rxc3 42. Kg2 Rc2+ 43. Bf2 Kf6 44. Rd5 Ke6 45. Rg5 Kf6 46. h4 h6 47. Rd5 Ke6 48. Rc5 Rb2 49. Kg1 Rb1+ 50. Kg2 Bf1+ 51. Kg1 Be2+ 52. Kg2 Rb3 53. Rc6+ Kf7 54. Rc7+ Ke8 55. Rc6 Bxf3+ 56. Kf1 Bxe4 57. h5 Bxc6 0-1

[Event "SVR-ch MAT-I 33rd"]
[Site "Mendig"]
[Date "2010.04.01"]
[Round "7"]
[White "Welsch, Dieter"]
[Black "Warkentin, Peter"]
[Result "0-1"]
[WhiteElo "1678"]
[BlackElo "1921"]
[PlyCount "106"]
[EventDate "2010.03.26"]
[EventType "tourn"]
[EventRounds "9"]
[EventCountry "GER"]
[SourceTitle "EXT 2011"]
[Source "ChessBase"]
[SourceDate "2010.11.26"]
[SourceVersion "1"]
[SourceVersionDate "2010.11.26"]
[SourceQuality "1"]

1. e4 e5 2. Nf3 Nf6 3. Nxe5 d6 4. Nf3 Nxe4 5. Nc3 Nxc3 6. dxc3 Be7 7. Be3 Bg4 8. h3 Bh5 9. Bd3 Nc6 10. Qd2 Qd7 11. 0-0-0 f6 12. Rde1 0-0-0 13. Nh4 Kb8 14. Nf5 Bf8 15. Ng3 Be8 16. Bf5 Qf7 17. Kb1 Ne5 18. Qd4 Nc6 19. Qd2 g6 20. Be4 Qc4 21. Bd3 Qa4 22. Qe2 Bg7 23. Bb5 Qh4 24. Qd3 Ne5 25. Qe2 Bxb5 26. Qxb5 Qc4 27. Qa5 a6 28. Ne4 Nc6 29. Qa3 Rhe8 30. Nd2 Qd5 31. g3 Rxe3 32. fxe3 Qxd2 33. Qb3 Ne5 34. Qe6 f5 35. g4 fxg4 36. hxg4 h6 37. e4 Qg5 38. Reg1 Rf8 39. a3 Qf6 40. Qd5 Re8 41. g5 hxg5 42. Rh7 g4 43. Qd1 Rh8 44. Rxh8+ Bxh8 45. Qd5 Bg7 46. Rh1 g3 47. Rg1 g2 48. Qd4 Qf1+ 49. Ka2 Qf7+ 50. Qd5 Qf2 51. Qd4 Qxc2 52. Qd5 Bh6 53. Qd4 Bf4 0-1

[Event "SVR-ch MAT 31th"]
[Site "Idar Oberstein"]
[Date "2008.03.20"]
[Round "6"]
[White "Liesenfeld, Holger"]
[Black "Warkentin, Peter"]
[Result "0-1"]
[WhiteElo "1860"]
[BlackElo "1936"]
[PlyCount "26"]
[EventDate "2008.03.14"]
[EventType "tourn"]
[EventRounds "9"]
[EventCountry "GER"]
[SourceTitle "EXT 2009"]
[Source "ChessBase"]
[SourceDate "2008.11.26"]
[SourceVersion "1"]
[SourceVersionDate "2008.11.26"]
[SourceQuality "1"]

1. f4 d5 2. Nf3 Bg4 3. h3 Bxf3 4. exf3 e6 5. g3 g6 6. d4 Bg7 7. b3 Ne7 8. Bb5+ c6 9. Be2 Nf5 10. Ba3 Nxg3 11. Rh2 Qh4 12. Qd3 Nf5+ 13. Kd1 Qxf4 0-1

[Event "SVR-ch MAT 31th"]
[Site "Idar Oberstein"]
[Date "2008.03.20"]
[Round "7"]
[White "Warkentin, Peter"]
[Black "Graf, Rodolfo"]
[Result "0-1"]
[WhiteElo "1936"]
[BlackElo "1723"]
[PlyCount "86"]
[EventDate "2008.03.14"]
[EventType "tourn"]
[EventRounds "9"]
[EventCountry "GER"]
[SourceTitle "EXT 2009"]
[Source "ChessBase"]
[SourceDate "2008.11.26"]
[SourceVersion "1"]
[SourceVersionDate "2008.11.26"]
[SourceQuality "1"]

1. e4 d6 2. d4 Nf6 3. Nc3 g6 4. Nf3 Bg7 5. Bg5 h6 6. Bh4 0-0 7. Be2 c6 8. 0-0 Qc7 9. Bg3 Nh5 10. Bh4 e5 11. d5 c5 12. Nb5 Qd7 13. c4 a6 14. Nc3 Nf4 15. Bg3 Nh5 16. Nh4 Nxg3 17. fxg3 Qe7 18. Na4 Nd7 19. Bg4 Nf6 20. Bxc8 Raxc8 21. Nc3 b5 22. Qe2 Rb8 23. cxb5 axb5 24. Nxb5 Nxe4 25. a4 Nf6 26. Qc4 Ne8 27. Rae1 Nc7 28. Nxc7 Qxc7 29. b3 Rb4 30. Qd3 Qb7 31. Rb1 Rd4 32. Qc2 Qxd5 33. Rfd1 e4 34. Rxd4 Bxd4+ 35. Kh1 g5 36. Qe2 gxh4 37. Qg4+ Kh7 38. Qxh4 Qe6 39. Qf4 e3 40. Qf1 e2 41. Qe1 Re8 42. h3 Bf2 43. Qxf2 e1Q+ 0-1

[Event "SVR-ch MAT 31th"]
[Site "Idar Oberstein"]
[Date "2008.03.15"]
[Round "2"]
[White "Kohlei, Rolf"]
[Black "Warkentin, Peter"]
[Result "1/2-1/2"]
[WhiteElo "2099"]
[BlackElo "1936"]
[PlyCount "38"]
[EventDate "2008.03.14"]
[EventType "tourn"]
[EventRounds "9"]
[EventCountry "GER"]
[SourceTitle "EXT 2009"]
[Source "ChessBase"]
[SourceDate "2008.11.26"]
[SourceVersion "1"]
[SourceVersionDate "2008.11.26"]
[SourceQuality "1"]

1. Nf3 d5 2. e3 Nf6 3. b3 Bf5 4. Be2 h6 5. 0-0 c6 6. Ne5 Nbd7 7. f4 Qc7 8. Bb2 e6 9. c4 Bd6 10. d4 Ne4 11. Bf3 Ndf6 12. Qe2 h5 13. c5 Bf8 14. b4 g5 15. fxg5 Nxg5 16. Nd2 Nxf3+ 17. gxf3 Bh3 18. Rf2 Rg8+ 19. Kh1 Bh6 1/2-1/2

[Event "SVR-ch MAT-I 30th"]
[Site "Nickenich"]
[Date "2007.04.07"]
[Round "9"]
[White "Warkentin, Peter"]
[Black "Nagel, Alexander"]
[Result "0-1"]
[WhiteElo "1936"]
[BlackElo "1736"]
[PlyCount "94"]
[EventDate "2007.03.30"]
[EventType "tourn"]
[EventRounds "9"]
[EventCountry "GER"]
[SourceTitle "EXT 2009"]
[Source "ChessBase"]
[SourceDate "2008.11.26"]
[SourceVersion "1"]
[SourceVersionDate "2008.11.26"]
[SourceQuality "1"]

1. e4 c5 2. Nf3 Nc6 3. Bb5 g6 4. c3 Bg7 5. d4 cxd4 6. cxd4 Qb6 7. Nc3 Nf6 8. e5 Ng4 9. 0-0 0-0 10. h3 Nh6 11. Re1 Nf5 12. d5 Ncd4 13. Nxd4 Qxd4 14. Qxd4 Nxd4 15. Bd3 b6 16. Bf4 Bb7 17. Rad1 f6 18. Bb1 Nf5 19. Bxf5 gxf5 20. e6 d6 21. Re3 Rac8 22. Kh2 Rc4 23. g3 Rfc8 24. h4 h5 25. Rd2 R4c5 26. Re1 b5 27. Be3 b4 28. Bxc5 bxc3 29. bxc3 Rxc5 30. Rb1 Bxd5 31. Rb8+ Bf8 32. f3 Bxe6 33. f4 Rxc3 34. Re2 Kf7 35. Rd2 Ra3 36. Rbb2 a6 37. Kg2 d5 38. Kf2 a5 39. Rd4 Kg6 40. Kg2 Bf7 41. Kh3 e6 42. Kg2 Bb4 43. Rd1 Bc3 44. Re2 e5 45. Rb1 e4 46. Kf2 d4 47. Rc2 Rxa2 0-1

[Event "SVR-ch MAT-I 30th"]
[Site "Nickenich"]
[Date "2007.04.05"]
[Round "6"]
[White "Welsch, Dieter"]
[Black "Warkentin, Peter"]
[Result "1/2-1/2"]
[WhiteElo "1791"]
[BlackElo "1936"]
[PlyCount "81"]
[EventDate "2007.03.30"]
[EventType "tourn"]
[EventRounds "9"]
[EventCountry "GER"]
[SourceTitle "EXT 2009"]
[Source "ChessBase"]
[SourceDate "2008.11.26"]
[SourceVersion "1"]
[SourceVersionDate "2008.11.26"]
[SourceQuality "1"]

1. e4 d5 2. exd5 Nf6 3. d4 Bg4 4. Nf3 Qxd5 5. Be2 Nc6 6. Nc3 Qh5 7. h3 0-0-0 8. Be3 e5 9. Qd2 exd4 10. Nxd4 Bxe2 11. Ncxe2 Nxd4 12. Nxd4 Bc5 13. c3 Rhe8 14. 0-0 Qe5 15. Bf4 Qd5 16. Qc2 Qe4 17. Qxe4 Rxe4 18. Be3 Nd5 19. Rae1 Nxe3 20. fxe3 f6 21. Rf3 Bxd4 22. cxd4 Rdxd4 23. Re2 Rd6 24. Kf2 c5 25. Rf5 h6 26. Kf3 Re7 27. Rf4 Kc7 28. Re4 Red7 29. Rh4 g6 30. Rf4 f5 31. g4 fxg4+ 32. hxg4 b5 33. Rf8 Kb6 34. g5 Re6 35. Kf4 Rde7 36. Rf6 c4 37. e4 Kc5 38. e5 a5 39. Rxe6 Rxe6 40. Rd2 b4 41. Ke4 1/2-1/2

[Event "SVR-ch MAT-I 30th"]
[Site "Nickenich"]
[Date "2007.03.31"]
[Round "2"]
[White "Becker, Volker"]
[Black "Warkentin, Peter"]
[Result "1/2-1/2"]
[WhiteElo "1857"]
[BlackElo "1936"]
[PlyCount "26"]
[EventDate "2007.03.30"]
[EventType "tourn"]
[EventRounds "9"]
[EventCountry "GER"]
[SourceTitle "EXT 2009"]
[Source "ChessBase"]
[SourceDate "2008.11.26"]
[SourceVersion "1"]
[SourceVersionDate "2008.11.26"]
[SourceQuality "1"]

1. e4 d5 2. exd5 Nf6 3. d4 Bg4 4. Be2 Bxe2 5. Qxe2 Qxd5 6. Nf3 Nc6 7. Nc3 Qh5 8. Bf4 0-0-0 9. 0-0-0 e6 10. Qc4 Bd6 11. Bxd6 Rxd6 12. h3 Qf5 13. Qd3 Qxd3 1/2-1/2

[Event "SVR-ch MAT-I 30th"]
[Site "Nickenich"]
[Date "2007.03.30"]
[Round "1"]
[White "Warkentin, Peter"]
[Black "Janke, Christian"]
[Result "1-0"]
[WhiteElo "1936"]
[BlackElo "1842"]
[PlyCount "61"]
[EventDate "2007.03.30"]
[EventType "tourn"]
[EventRounds "9"]
[EventCountry "GER"]
[SourceTitle "EXT 2009"]
[Source "ChessBase"]
[SourceDate "2008.11.26"]
[SourceVersion "1"]
[SourceVersionDate "2008.11.26"]
[SourceQuality "1"]

1. e4 d5 2. Nc3 d4 3. Nce2 e5 4. Nf3 Bd6 5. Ng3 Nf6 6. Bc4 0-0 7. 0-0 Nc6 8. a3 Na5 9. Ba2 c5 10. d3 h6 11. Nh4 Bc7 12. Nhf5 Kh7 13. f4 Nc6 14. fxe5 Bxe5 15. Nh5 Bxf5 16. Rxf5 Qd6 17. Nxf6+ Bxf6 18. Qh5 Ne5 19. Bf4 Rae8 20. Rf1 Re7 21. Qh3 g5 22. Bxg5 Bxg5 23. Rxg5 Ng6 24. Rgf5 Kg7 25. Qg4 Qb6 26. Bb3 a5 27. h4 Kh7 28. Rf6 Qc7 29. Bxf7 Rexf7 30. Qxg6+ Kh8 31. Rxf7 1-0

[Event "SVR-ch MAT-II 29th"]
[Site "Koblenz"]
[Date "2006.04.14"]
[Round "8"]
[White "Warkentin, Peter"]
[Black "Zirwes, Hans Juergen"]
[Result "1/2-1/2"]
[WhiteElo "1936"]
[BlackElo "1822"]
[PlyCount "67"]
[EventDate "2006.04.07"]
[EventType "tourn"]
[EventRounds "9"]
[EventCountry "GER"]
[SourceTitle "EXT 2009"]
[Source "ChessBase"]
[SourceDate "2008.11.26"]
[SourceVersion "1"]
[SourceVersionDate "2008.11.26"]
[SourceQuality "1"]

1. e4 c5 2. Nf3 Nc6 3. Bb5 e6 4. Nc3 Nge7 5. 0-0 g6 6. d4 cxd4 7. Nxd4 Bg7 8. Nxc6 bxc6 9. Bd3 d5 10. exd5 cxd5 11. Ne2 0-0 12. c3 e5 13. Re1 Be6 14. Bg5 f6 15. Be3 Qd7 16. Bc2 Rfd8 17. Bb3 Qc7 18. Qd2 Rd6 19. f4 Rad8 20. Rad1 Nf5 21. fxe5 fxe5 22. Bg5 R8d7 23. Ba4 Rf7 24. Bb3 Qb6+ 25. Kh1 h6 26. Nf4 exf4 27. Bxf4 Rd8 28. Rxe6 Qxe6 29. Bxd5 Rxd5 30. Qxd5 Qxd5 31. Rxd5 Ne7 32. Rd8+ Kh7 33. g3 g5 34. Be3 1/2-1/2

[Event "SVR-ch MAT-II 29th"]
[Site "Koblenz"]
[Date "2006.04.13"]
[Round "6"]
[White "Warkentin, Peter"]
[Black "Kohlei, Rolf"]
[Result "0-1"]
[WhiteElo "1936"]
[BlackElo "2099"]
[PlyCount "82"]
[EventDate "2006.04.07"]
[EventType "tourn"]
[EventRounds "9"]
[EventCountry "GER"]
[SourceTitle "EXT 2009"]
[Source "ChessBase"]
[SourceDate "2008.11.26"]
[SourceVersion "1"]
[SourceVersionDate "2008.11.26"]
[SourceQuality "1"]

1. e4 g6 2. d4 Bg7 3. f4 c6 4. Nf3 d5 5. Nbd2 h5 6. Bd3 dxe4 7. Nxe4 Bxd4 8. Nxd4 Qxd4 9. Nf2 Nf6 10. c3 Qd6 11. 0-0 Bf5 12. Bxf5 Qxd1 13. Rxd1 gxf5 14. c4 Nbd7 15. Be3 b6 16. Bd4 c5 17. Bc3 Rg8 18. Rd3 0-0-0 19. Re1 e6 20. b3 Rg6 21. Re2 Rdg8 22. g3 h4 23. Nh1 Ne4 24. Be1 Ndf6 25. Kg2 Nh5 26. Ree3 Nxf4+ 27. Kf3 Nxd3 28. Rxd3 e5 29. Rd5 f6 30. a3 Rg4 31. Nf2 Ng5+ 32. Kg2 Rd4 33. Rxd4 cxd4 34. gxh4 Ne6+ 35. Kf3 Kd7 36. Nd1 e4+ 37. Kf2 Kd6 38. Bb4+ Ke5 39. Be7 a5 40. b4 Rg7 41. Bxf6+ Kxf6 0-1

[Event "SVR-ch MAT-II 29th"]
[Site "Koblenz"]
[Date "2006.04.08"]
[Round "3"]
[White "Bendel, Lars"]
[Black "Warkentin, Peter"]
[Result "1-0"]
[WhiteElo "1937"]
[BlackElo "1936"]
[PlyCount "119"]
[EventDate "2006.04.07"]
[EventType "tourn"]
[EventRounds "9"]
[EventCountry "GER"]
[SourceTitle "EXT 2009"]
[Source "ChessBase"]
[SourceDate "2008.11.26"]
[SourceVersion "1"]
[SourceVersionDate "2008.11.26"]
[SourceQuality "1"]

1. d4 d5 2. Nf3 Nf6 3. Nbd2 e6 4. e3 c5 5. c3 Nc6 6. Bd3 Qc7 7. 0-0 Be7 8. Qe2 0-0 9. e4 cxd4 10. cxd4 Nb4 11. e5 Nxd3 12. Qxd3 Ne8 13. Nb3 b6 14. Bd2 Qd7 15. Rfc1 Bb7 16. Rc2 f5 17. Bg5 h6 18. Bxe7 Qxe7 19. Rac1 Qd7 20. Nbd2 Rf7 21. Qa3 Qd8 22. Nb1 a6 23. Nc3 b5 24. Ne1 Qb6 25. Ne2 a5 26. Qc5 Qa6 27. Qc3 Rc8 28. Qd2 Rxc2 29. Rxc2 Rc7 30. Nd3 b4 31. Nc5 Qb6 32. Nf4 Bc8 33. Nfd3 Ba6 34. Nf4 Bc8 35. a3 bxa3 36. bxa3 Qb1+ 37. Qc1 Qxc1+ 38. Rxc1 Kf7 39. Rb1 g5 40. Nfd3 Ra7 41. Rb8 Ba6 42. Nxa6 Rxa6 43. Rb7+ Kg6 44. Nc5 Rc6 45. a4 Nc7 46. Ra7 Rb6 47. Kf1 Ne8 48. Rxa5 Ng7 49. Rb5 Rc6 50. a5 Ne8 51. Rb6 Rc8 52. Rxe6+ Kf7 53. Rxh6 Ra8 54. a6 Ng7 55. Rd6 Ne8 56. Rxd5 Ke7 57. Rd7+ Kf8 58. a7 Ng7 59. d5 f4 60. Na4 1-0

[Event "SVR-ch MAT-II 29th"]
[Site "Koblenz"]
[Date "2006.04.08"]
[Round "2"]
[White "Warkentin, Peter"]
[Black "Welsch, Dieter"]
[Result "0-1"]
[WhiteElo "1936"]
[BlackElo "1814"]
[PlyCount "68"]
[EventDate "2006.04.07"]
[EventType "tourn"]
[EventRounds "9"]
[EventCountry "GER"]
[SourceTitle "EXT 2009"]
[Source "ChessBase"]
[SourceDate "2008.11.26"]
[SourceVersion "1"]
[SourceVersionDate "2008.11.26"]
[SourceQuality "1"]

1. e4 e5 2. Nf3 Nf6 3. Nxe5 d6 4. Nf3 Nxe4 5. Nc3 Bf5 6. Nxe4 Bxe4 7. d3 Bc6 8. Be2 Be7 9. Be3 Nd7 10. 0-0 Nf6 11. d4 0-0 12. c3 b6 13. Bc4 Nd5 14. Re1 Bf6 15. Qd2 Nxe3 16. Rxe3 Qd7 17. d5 Bb5 18. Bb3 g6 19. Rae1 Rae8 20. h3 a5 21. Qc2 a4 22. Bxa4 Bxa4 23. b3 Bb5 24. c4 Ba6 25. Qd3 Rxe3 26. Qxe3 Bc8 27. Kh2 Qd8 28. Kg1 Bd7 29. Qd3 Re8 30. Rc1 Bf5 31. Qd2 Be4 32. Nd4 Bxd4 33. Qxd4 Qg5 34. a3 Qxc1+ 0-1